000
00181 a2200097 4500
020
_a
9780439879705
041
_a
spa
100
_a
Luz Orihuela
245
_a
El ruiseò¨r
942
_c
K
999
_c
30164
_d
30162